banner-ar

Focus on Swimming / (Record no. 60669)

MARC details
000 -الفاتح
حقل البيانات ثابتة الطول 00513nam a22001937a 4500
005 - وقت وتاريخ اخر تعامل مع التسجيلة
رقم الضبط 20240530110422.0
008 - عناصر البيانات ثابتة الطول - معلومات عامة
حقل البيانات ثابتة الطول 150312s1992 ua ac f 000 0 eng d
040 ## - مصدر الفهرسة
وكالة الفهرسة الأصلية EG-CaGPL
وكالة النسخ EG-CaGPL
082 04 - رقم تصنيف ديوى العشرى
رقم الطبعة 21
رقم التصنيف 796
رقم المادة CH/T F
100 1# - المدخل الرئيسى - إسم شخصى
رمز الرابط Taylor , Jeremy
245 ## - بيان العنوان
العنوان Focus on Swimming /
بيان المسئوليه,etc Jeremy Taylor
250 ## - بيان الطبعة
بيان الطبعة ed. 1
260 ## - PUBLICATION, DISTRIBUTION, ETC. (IMPRINT)
تاريخ النشر أو التوزيع 1992.
300 ## - الوصف المادى
التعداد 32 p. :
تفاصيل ماديه اخرى للوعاء ill. (chiefly col.) ;
أبعاد الوعاء 24 cm.
650 #0 - المدخل الاضافى بالموضوع-مصطلح موضوعى
مصطلح موضوعي Swimming
942 ## - عناصر المدخل الإضافي( كوها)
مصدر التصنيف او مخطط الترفيف Dewey Decimal Classification
Koha [default] item type كتاب
260 ## - PUBLICATION, DISTRIBUTION, ETC. (IMPRINT)
-- Cairo :
-- Elisa Hoopoe ,
Holdings
حالة التراجع حالة الفقد مصدر التصنيف او خطة الترفيف حالة تلف ليس للاعارة المكان المؤقت الموقع الحالى تاريخ الاكتساب اجمالي اﻻعارات رقم الطلب الباركود تاريخ اخر مشاهدة تاريخ تفعيل السعر نوع وعاء كوها
    ddc     مكتبة القاهرة الكبرى مكتبة القاهرة الكبرى 03/12/2015   796 CH/T F 159769 03/12/2015 03/12/2015 كتاب

Powered By

EGPV